000 00553nam a2200181Ia 4500
003 GCL
008 140319s9999 xx 000 0 ara d
040 _aGCL /
_cGCL
082 0 4 _a819.9
_bع ا
100 1 _aعباس محمود العقاد
245 1 0 _aانا /
_cعباس محمود العقاد
300 _a220 ص
490 _aالهيئة العامة للاستعلامات
_v0
650 0 4 _aالادباء المصريون
650 0 4 _aعباس محمود العقاد
650 0 4 _aالادباء العرب - مصر
942 _2ddc
_cBK
999 _c49528
_d49528